000 00232nam a22001217a 4500
082 _a894.812.B
_bELL/M
100 _aELIKKAL, JOSEPH
245 _aMARANAGAHUARUM
300 _a348
520 _aNOVEL
650 _aNOVEL
942 _cBK
999 _c4884
_d4884